OECD territorial outlook
Enregistré dans:
| Format: | Livre |
|---|---|
| Langue: | anglais |
| Publié: |
Paris
OECD
2001
|
| Collection: | Territorial economy
|
| Sujets: | |
| Tags: |
Pas de tags, Soyez le premier à ajouter un tag!
|
MARC
| LEADER | 00000nam a2200000 4500 | ||
|---|---|---|---|
| 001 | c126839 | ||
| 005 | 20221124105325.4 | ||
| 020 | |a 92-64-18602-6 | ||
| 041 | 0 | |a eng | |
| 044 | |a FR | ||
| 245 | 1 | 0 | |a OECD territorial outlook |
| 264 | 1 | |a Paris |b OECD |c 2001 | |
| 300 | |a 291 s. | ||
| 490 | 1 | |a Territorial economy | |
| 830 | 0 | |a Territorial economy | |
| 610 | 2 | 0 | |a regióny |
| 610 | 2 | 0 | |a politika regionálna |
| 610 | 2 | 0 | |a globalizácia |
| 610 | 2 | 0 | |a priemysel |
| 610 | 2 | 0 | |a technológie komunikačné |
| 610 | 2 | 0 | |a ukazovatele |
| 610 | 2 | 0 | |a rozvoj regionálny |
| 610 | 2 | 0 | |a politika sociálna |
| 610 | 2 | 0 | |a obchod |
| 610 | 2 | 0 | |a populácia |
| 610 | 2 | 0 | |a demografia |
| 610 | 2 | 0 | |a produkt domáci hrubý |
| 610 | 2 | 0 | |a nezamestnanosť |
| 610 | 2 | 0 | |a porovnanie medzinárodné |
| 610 | 2 | 0 | |a svet |
| 610 | 2 | 0 | |a OECD |